La psychotechnique : (Record no. 49909)

MARC details
000 -CABECERA
campo de control de longitud fija 00807nam a2200229 a 4500
003 - IDENTIFICADOR DEL NÚMERO DE CONTROL
campo de control MX-MxUPN
005 - FECHA Y HORA DE LA ÚLTIMA TRANSACCIÓN
campo de control 20241001063948.0
008 - ELEMENTOS DE LONGITUD FIJA--INFORMACIÓN GENERAL
campo de control de longitud fija 991125s1935 fr 000 0 fre u
035 ## - NÚMERO DE CONTROL DEL SISTEMA
Número de control de sistema UPN01000049909
040 ## - FUENTE DE LA CATALOGACIÓN
Centro catalogador/agencia de origen MX-MxUPN
Lengua de catalogación spa
Centro/agencia transcriptor MX-MxUPN
041 0# - CÓDIGO DE IDIOMA
Código de lengua del texto/banda sonora o título independiente fre
050 #4 - SIGNATURA TOPOGRÁFICA DE LA BIBLIOTECA DEL CONGRESO
Número de clasificación HF5548.8
Número de documento/Ítem S6.6
100 1# - ASIENTO PRINCIPAL--NOMBRE PERSONAL
Nombre de persona Sollier, Paul,
Fechas asociadas al nombre 1861-1933
9 (RLIN) 51686
100 1# - ASIENTO PRINCIPAL--NOMBRE PERSONAL
Nombre de persona Drabs, José
9 (RLIN) 51687
245 13 - MENCIÓN DE TÍTULO
Título La psychotechnique :
Resto del título introduction á une technique du facteur humain dans le travail
260 ## - PUBLICACIÓN, DISTRIBUCIÓN, ETC.
Lugar de publicación, distribución, etc. París :
Nombre del editor, distribuidor, etc. Comité Central Industriel de Belgique :
-- F. Alcan,
Fecha de publicación, distribución, etc. 1935.
300 ## - DESCRIPCIÓN FÍSICA
Extensión 178 páginas, 16 páginas de lámminas
650 #4 - ASIENTO SECUNDARIO DE MATERIA - TERMINO TEMATICO
Término de materia o nombre geográfico como elemento de entrada Psicología industrial
9 (RLIN) 9354
710 2# - ASIENTO SECUNDARIO - NOMBRE CORPORATIVO
Nombre de entidad corporativa o nombre de jurisdicción como elemento de entrada Instituto Nacional de Investigación Educativa (México)
Término indicativo de función/relación propietario anterior
9 (RLIN) 28086
942 ## - ELEMENTOS DE PUNTO DE ACCESO ADICIONAL (KOHA)
Fuente del sistema de clasificación o colocación Library of Congress Classification
Tipo de ítem Koha Libro
Holdings
Estado de retiro Estado de pérdida Fuente del sistema de clasificación o colocación Estado dañado No para préstamo Código de colección Localización permanente Ubicación/localización actual Ubicación en estantería Fecha de adquisición Clasificación Código de barras Fecha visto por última vez Tipo de ítem Koha Nota pública
    Library of Congress Classification   Disponible (Previa cita) Fondo Reservado de libros Bib. Gregorio Torres Quintero Bib. Gregorio Torres Quintero Sala de Fondos Reservados Planta alta 18/11/2022 HF5548.8 S6.6 606 31/12/2020 Libro Ejemplar con sello de la Biblioteca del Instituto Nacional de Investigación Educativa